006040000a220009700045001000037000002450042000373000061000795000039001405200304001797730023004831 aPikaza Ibarrondo, Xabier (1941-)10aEl agua : Una reflexión teológica aVol.26, núm.1 (Primer semestre, 2006), Páginas 11-45 aDoctor en Teología y Filosofía aEs difícil trazar una reflexión teológica del agua, pues la tradición de la iglesia apenas ha tratado de ella, a pesar de la importancia del tema en la Biblia. Por eso he querido volver a la Biblia, para fundar desde ella una visión teológica del agua, partiendo del Antiguo Testamento.0 tVida y Pensamiento